Un film, un personnage secondaire - Statistiques

Statistiques générales
  • Ce quiz a été pris 95 fois
  • Le résultat moyen est 14 sur 30
Statistiques - réponses
Hint Réponse % Correct
Astérix aux Jeux olympiques
82%
Astérix et Obélix : Mission Cléopâtre
76%
Les Visiteurs
66%
OSS 117 : Le Caire, nid d'espions
64%
La Haine
62%
Intouchables
59%
Bienvenue chez les Ch'tis
59%
Le Dîner de cons
58%
Les bronzés
57%
Les Bronzés font du ski
57%
Nos jours heureux
54%
La Cité de la peur
54%
LOL
50%
Babysitting 2
46%
Le Fabuleux Destin d'Amélie Poulain
46%
Taxi 1
43%
OSS 117 : Alerte rouge en Afrique noire
42%
Babysitting
41%
Les Tuche
41%
Léon
41%
Les Couloirs du temps : Les Visiteurs 2
39%
La Boum
36%
Taxi 3
34%
OSS 117 : Rio ne répond plus
34%
Les Seigneurs
31%
Taxi 4
31%
Les Trois Frères
31%
Five
27%
Les Bronzés 3
20%
Taxi 2
18%
Aucun quiz correspondant
Distribution des résultats
% des personnes avec chaque résultat
Percentile par nombre de réponses
Votre historique - résultats
Vous n’avez pas pris ce quiz